Differential and integral inequalities : theory and applications
Αποθηκεύτηκε σε:
| Κύριος συγγραφέας: | |
|---|---|
| Άλλοι συγγραφείς: | |
| Μορφή: | Βιβλίο |
| Γλώσσα: | English |
| Δημοσίευση: |
New York :
Academic Press,
1969
|
| Σειρά: | Mathematics in science and engineering ;
; 55 |
| Θέματα: | |
| Ετικέτες: |
Προσθήκη ετικέτας
Δεν υπάρχουν, Καταχωρήστε ετικέτα πρώτοι!
|
MARC
| LEADER | 00000nam a2200000 i 4500 | ||
|---|---|---|---|
| 001 | 1/35921 | ||
| 008 | 941103s1969 eng d | ||
| 020 | |a 0-12-434102-0 | ||
| 035 | |a 1988 |l 10040104 | ||
| 040 | |a GR-MY-UA |b gre |e aacr | ||
| 041 | 0 | |a eng | |
| 082 | 0 | |a 515.35 | |
| 100 | 1 | |a Lakshmikantham, V. | |
| 245 | 1 | 0 | |a Differential and integral inequalities : |b theory and applications / |c V. Lakshmikantham and S. Leela |
| 260 | |a New York : |b Academic Press, |c 1969 | ||
| 300 | |a 2 v.; |c 24 cm. | ||
| 490 | 1 | |a Mathematics in science and engineering |v ; 55 | |
| 500 | |a Includes bibliographical references and index | ||
| 505 | 0 | |a 1.v. Ordianary differential equations -- v.2. Functional, partial, abstract, and complex differential equations | |
| 650 | 0 | 0 | |a Differential equations. |
| 650 | 0 | 0 | |a Integral equations. |
| 650 | 0 | 0 | |a Inequalities (Mathematics) |
| 650 | 0 | 0 | |a Integral inequalities. |
| 700 | 1 | |a Leela, S. | |
| 740 | 0 | 2 | |a Ordinary differential equations |
| 740 | 0 | 2 | |a Functional, partial, abstract, and complex differential equations |
| 830 | 0 | |a Mathematics in science and engineering ; |v ; 55 | |
| 852 | |a INST |b SAMOS |e 19941103 |h 515.35 LAK |p 005300001465 |q 005300001465 |t BK |y 0 |z v.2 | ||
| 852 | |a INST |b SAMOS |e 19941103 |h 515.35 LAK |p 005300001466 |q 005300001466 |t BK |y 0 |z v.1 | ||
| 852 | |a INST |b SAMOS |e 19941103 |h 515.35 LAK |p 005300001465 |q 005300001465 |t BK |v v.2: |y 0 |z v.2 | ||
| 852 | |a INST |b SAMOS |e 19941103 |h 515.35 LAK |p 005300001466 |q 005300001466 |t BK |v v.1: |y 0 |z v.1 | ||
| 853 | |a INST |b SAMOS |h 515.35 LAK | ||
| 909 | |a Σ |b 013893 | ||
| 909 | |a Σ |b 013894 | ||